LEADER 01139nam a2200229 i 4500 001 000000163786 003 CaOOAMICUS 005 20070817000000.0 008 070817s1983 it u000 u ita u 013 $a141153 040 $aSeMil$bita 100 1 $aRimoldi, Antonio .$0(OLS)http://semarc/name/204 245 13$aLe tensioni tomiste-rosminiane a Milano dalla Aeterni Patris alla restaurazione della Facoltà teologica (1879-1892) /$cAntonio Rimoldi. 260 $aRoma :$bUniversità Gregoriana,$c1983. 300 $aP. 427-450 ;$c23 cm. 500 $aEstratto da: Miscellanea historiae pontificiae, vol. 50. 650 4$aRosmini Serbati, Antonio - "Questione rosminiana".$0(OLS)http://semarc/subject/19595 850 $aSeMil 852 $aSeMil$W1$xVenegono$y1$m5C IX 3/28$j115080$B115080$CSeMilBibl$Z2$F126143 $81 961 $aOmaggio: Altro 996 $6245$aLe tensioni tomiste-rosminiane a Milano dalla Aeterni Patris alla restaurazione della Facoltà teologica (1879-1892)$9(OLS)http://semarc/title/233686 996 $6260$aRoma :$bUniversità Gregoriana$9(OLS)http://semarc/publisher/31479